| 000 | 00932cam a22002778a 4500 | ||
|---|---|---|---|
| 001 | 4407 | ||
| 005 | 20240820160339.0 | ||
| 020 | _a9780531070826 | ||
| 040 |
_aDLC _cDLC _dDLC _beng |
||
| 050 | 0 | 0 |
_aPZ7.R982 _b1992 |
| 082 | 0 | 0 | _a303 |
| 100 | 1 | _aRylant, Cynthia | |
| 245 | 1 | 3 |
_aAn angel for Solomon Singer / _cstory by Cynthia Rylant ; paintings by Peter Catalanotto. |
| 260 |
_aNew York : _bOrchard Books, _c1992. |
||
| 300 |
_a30 unnumbered pages : _bcolor illustrations ; _c29 cm . |
||
| 505 | _aZ | ||
| 520 | _aA lonely New York City resident finds companionship and good cheer at the Westway Cafe where dreams come true. | ||
| 521 |
_a970
_bLexile |
||
| 521 |
_aZ
_bRaz-Plus |
||
| 650 | 1 |
_aLoneliness _xFiction. |
|
| 650 | 1 |
_aWishes _xFiction. |
|
| 650 | 1 |
_aRestaurants _xFiction. |
|
| 700 | 1 |
_aCatalanotto, Peter _eillustrator |
|
| 906 |
_a7 _bcbc _corignew _d1 _eocip _f19 _gy-gencatlg |
||
| 942 |
_2ddc _cBK _n0 |
||
| 999 |
_c4407 _d4407 |
||